Effect of cryoliopolysis versus low level laser therapy on postnatal abdominal adiposity / (رقم التسجيلة. 179068)

تفاصيل مارك
000 -LEADER
fixed length control field 05048namaa22004451i 4500
003 - CONTROL NUMBER IDENTIFIER
control field EG-GICUC
005 - أخر تعامل مع التسجيلة
control field 20260412112846.0
008 - FIXED-LENGTH DATA ELEMENTS--GENERAL INFORMATION
fixed length control field 260328s2025 ua a|||frm||| 000 0 eng d
040 ## - CATALOGING SOURCE
Original cataloguing agency EG-GICUC
Language of cataloging eng
Transcribing agency EG-GICUC
Modifying agency EG-GICUC
Description conventions rda
041 0# - LANGUAGE CODE
Language code of text/sound track or separate title eng
Language code of summary or abstract eng
-- ara
049 ## - Acquisition Source
Acquisition Source Deposit
082 04 - DEWEY DECIMAL CLASSIFICATION NUMBER
Classification number 615.82
092 ## - LOCALLY ASSIGNED DEWEY CALL NUMBER (OCLC)
Classification number 615.82
Edition number 21
097 ## - Degree
Degree Ph.D
099 ## - LOCAL FREE-TEXT CALL NUMBER (OCLC)
Local Call Number Cai01.21.04.Ph.D.2025.Mo.E
100 0# - MAIN ENTRY--PERSONAL NAME
Authority record control number or standard number Mohamed Salem Mohamed Ibrahim,
Preparation preparation.
245 10 - TITLE STATEMENT
Title Effect of cryoliopolysis versus low level laser therapy on postnatal abdominal adiposity /
Statement of responsibility, etc. by Mohamed Salem Mohamed Ibrahim ; Supervisors Dr. Hala Mohamed Hanfy Omara, Dr. Hossam Al Din Hussien Kamel, Dr. Mohamed Ahmed Mohamed Awad.
246 15 - VARYING FORM OF TITLE
Title proper/short title تأثير تفتيت الدهون بالتبريد مقابل الليزر منخفض الشدة على سمنة البطن بعد الولاده
264 #0 - PRODUCTION, PUBLICATION, DISTRIBUTION, MANUFACTURE, AND COPYRIGHT NOTICE
Date of production, publication, distribution, manufacture, or copyright notice 2025.
300 ## - PHYSICAL DESCRIPTION
Extent 88 pages :
Other physical details illustrations ;
Dimensions 25 cm. +
Accompanying material CD.
336 ## - CONTENT TYPE
Content type term text
Source rda content
337 ## - MEDIA TYPE
Media type term Unmediated
Source rdamedia
338 ## - CARRIER TYPE
Carrier type term volume
Source rdacarrier
502 ## - DISSERTATION NOTE
Dissertation note Thesis (Ph.D)-Cairo University, 2025.
504 ## - BIBLIOGRAPHY, ETC. NOTE
Bibliography, etc. note Bibliography: pages 67-77.
520 #3 - SUMMARY, ETC.
Summary, etc. This study was conducted to determine the difference between cryolipolysis and low level laser on postnatal abdominal adiposity. Sixty postnatal women participated in this study from the Outpatient Clinic Physical Therapy Department at Al Mataria Teaching Hospital , Their ages ranges from 35-40 years , BMI ≥30kg/m² and waist hip ratio ≥0.85 they were assigned randomly into two groups equal in number (A,B). Patient of group A received cryolipolysis and low calorie diet, patients of group B received low level laser and low calorie diet. Evaluation pre-post study done by measuring wait hip ratio (tape measurement), abdominal skin fold (body fat caliper), BMI (standard weight- height scale), body fat percentage (bioelectrical impedance analysis). Results showed that there was significant decrease in BMI, waist hip ratio, skin fold thickness and body fat percentage in both group A and B favor to group A. Thus it can be concluded that cryolipolysis is more effective than Low level laser therapy in reducing abdominal adiposity postnatal.
520 #3 - SUMMARY, ETC.
Summary, etc. الهدف من البحث: الهدف من هذه الدراسة معرفة تأثير تفتيت الدهون بالتبريد مقابل الليزر المنخفض الشده على سمنة البطن بعد الولاده.<br/>مواد و اساليب البحث: أجريت هذه الدراسة على ستون مريضة من الاناث بعد الولادة و قد تم تقسيمهم الى مجموعتين :<br/>المجموعة (أ): ثلاثون مريضة تم علاجهن بواسطة تفتيت الدهون بالتبريد جلسه كل ثلاثة اسابيع و لمدة 12 اسبوع بالاضافة الى نظام غذائى منخفض السعرات 1200 سعر حرارى\اليوم.<br/>المجموعة (ب): ثلاثون مريضة تم علاجهن بواسطة الليزر المنخفض الشده 2 جلسه فى الاسبوع لمدة 12 اسبوع بالاضافة الى نظام غذائى منخفض السعرات 1200 سعر حرارى\اليوم.<br/>الطرق: قياس تناسب الخصر و الورك بالشريط البلاستيكى الدرج , قياس ثنية جلد البطن بممساك الجلد , قياس مؤشر كتلة الجسم باستخدام مقياس الوزن و الطول و قياس نسبة دهون البطن باستخدام جهاز تحيليل المقاومة الكهربائى و ذلك قبل بدء التجربة وتم تكرار القياسات بعد ثلاثة اشهر من العلاج.<br/>النتائج: هناك نقص ذات دلالة احصائية عالية فى كتلة الجسم – ثنية البطن – تناسب الخصر و الورك فى المجموعة الاولى و الثانية فى صالح المجموعة (أ).<br/>الاستنتاج: يمكن استخلاص ان استخدام تفتيت الدهون بالتبريد له فاعلية فى تقليل سمنه البطن بعد الولادة اكثر من الليزر المنخفض الشده .
530 ## - ADDITIONAL PHYSICAL FORM AVAILABLE NOTE
Issues CD Issues also as CD.
546 ## - LANGUAGE NOTE
Text Language Text in English and abstract in Arabic & English.
650 #0 - SUBJECT ADDED ENTRY--TOPICAL TERM
Topical term or geographic name entry element Physical Therapy
650 #0 - SUBJECT ADDED ENTRY--TOPICAL TERM
Topical term or geographic name entry element العلاج الطبيعي
653 #1 - INDEX TERM--UNCONTROLLED
Uncontrolled term cryolipolysis
-- low level laser
-- abdominal adiposity
-- low caloric diet
-- تفتيت الدهون بالتبريد
-- الليزر المنخفض الشده
700 0# - ADDED ENTRY--PERSONAL NAME
Personal name Hala Mohamed Hanfy Omara
Relator term thesis advisor.
700 0# - ADDED ENTRY--PERSONAL NAME
Personal name Hossam Al Din Hussien Kamel
Relator term thesis advisor.
700 0# - ADDED ENTRY--PERSONAL NAME
Personal name Mohamed Ahmed Mohamed Awad.
Relator term thesis advisor.
900 ## - Thesis Information
Grant date 01-01-2025
Supervisory body Hala Mohamed Hanfy Omara
-- Hossam Al Din Hussien Kamel
-- Mohamed Ahmed Mohamed Awad
Universities Cairo University
Faculties Faculty of Physical Therapy
Department Department of Women’s Health
905 ## - Cataloger and Reviser Names
Cataloger Name Shimaa
Reviser Names Eman Ghareb
942 ## - ADDED ENTRY ELEMENTS (KOHA)
Source of classification or shelving scheme Dewey Decimal Classification
Koha item type Thesis
Edition 21
Suppress in OPAC No
المقتنيات
Source of classification or shelving scheme Home library Current library Date acquired Inventory number Full call number Barcode Date last seen Effective from Koha item type
Dewey Decimal Classification المكتبة المركزبة الجديدة - جامعة القاهرة قاعة الرسائل الجامعية - الدور الاول 28.03.2026 93598 Cai01.21.04.Ph.D.2025.Mo.E 01010110093598000 28.03.2026 28.03.2026 Thesis
Cairo University Libraries Portal Implemented & Customized by: Eng. M. Mohamady Contacts: new-lib@cl.cu.edu.eg | cnul@cl.cu.edu.eg
CUCL logo CNUL logo
© All rights reserved — Cairo University Libraries
CUCL logo
Implemented & Customized by: Eng. M. Mohamady Contact: new-lib@cl.cu.edu.eg © All rights reserved — New Central Library
CNUL logo
Implemented & Customized by: Eng. M. Mohamady Contact: cnul@cl.cu.edu.eg © All rights reserved — Cairo National University Library